| 000 | 01623nam a2200385 i 4500 | ||
|---|---|---|---|
| 999 |
_c5257 _d5257 |
||
| 003 | OSt | ||
| 005 | 20250828154948.0 | ||
| 008 | 190927s2019 nyua j 6 000 1 eng d | ||
| 020 | _a9781338888294 | ||
| 040 |
_aNjBwBT _beng _cOQX _dOQX _dCaNSH _dCaOL _dKH8 _erda |
||
| 082 | _aFIC GAL | ||
| 100 | 1 |
_aGalligan, Gale, _eauthor, _eartist. |
|
| 245 | 1 | 0 |
_aThe baby-sitters club : _bBoy-crazy Stacey / _ca graphic novel by Gale Galligan ; with color by Braden Lamb. |
| 264 | 1 |
_aNew York : _bGraphix, an imprint of Scholastic, _c2023. |
|
| 264 | 4 | _c©2019. | |
| 300 |
_a159 pages : _bchiefly colour illustrations ; _c21 cm. |
||
| 336 |
_atext _btxt _2rdacontent. |
||
| 336 |
_astill image _bsti _2rdacontent. |
||
| 337 |
_aunmediated _bn _2rdamedia. |
||
| 338 |
_avolume _bnc _2rdacarrier. |
||
| 490 | 1 |
_aBaby-sitters Club (Graphix (Firm)) ; _v7. |
|
| 500 | _aBased on the novel by Ann M. Martin. | ||
| 500 | _aAt head of title: Baby-sitters club. | ||
| 520 | _aAccompanying the Pike family during a two-week vacation to the Jersey Shore, baby-sitter Stacey falls head over heels for a handsome lifeguard despite Mary Anne's warning that he is too old for her. | ||
| 650 | 0 |
_aBabysitters Club (Imaginary organization) _vJuvenile fiction. |
|
| 650 | 0 |
_aBabysitters _vJuvenile fiction. |
|
| 650 | 0 |
_aSummer employment _vJuvenile fiction. |
|
| 650 | 0 |
_aLifeguards _vJuvenile fiction. |
|
| 650 | 0 |
_aGirls _vJuvenile fiction. |
|
| 650 | 7 |
_aGraphic novel adaptations. _2genre. |
|
| 650 | 7 |
_aGraphic novels. _2genre. |
|
| 700 | 1 |
_aLamb, Braden, _ecolourist. |
|
| 830 | 0 |
_aBaby-sitters Club (Graphix (Firm)) ; _v7. |
|
| 942 |
_2ddc _cGN |
||